[Event "Gdansk op 14th"]
[Site "Gdansk"]
[Date "2012.07.28"]
[Round "8"]
[White "Ciszewski, Marek"]
[Black "Bieszk, Stanislaw"]
[Result "1-0"]
[WhiteElo "1953"]
[BlackElo "1700"]
[PlyCount "43"]
[EventDate "2012.07.22"]
[EventType "swiss"]
[EventRounds "9"]
[EventCountry "POL"]
[SourceTitle "CBM 149 Extra"]
[Source "ChessBase"]
[SourceDate "2012.08.24"]
[SourceVersion "1"]
[SourceVersionDate "2012.08.24"]
[SourceQuality "1"]

1. e4 c5 2. Nf3 d6 3. d4 cxd4 4. Nxd4 Nf6 5. Nc3 a6 6. Bc4 e6 7. Bg5 Be7 8. Qd2 Nc6 9. 0-0-0 0-0 10. h4 Nxe4 11. Nxe4 d5 12. Nxc6 bxc6 13. Bb3 f6 14. Bf4 dxe4 15. Qe3 Qe8 16. Qxe4 f5 17. Bxe6+ Kh8 18. Qe3 Bg5 19. hxg5 Qxe6 20. Qh3 Qg6 21. Rd6 Be6 22. Rxe6 1-0

[Event "Gdansk op 12th "]
[Site "Gdansk"]
[Date "2010.07.18"]
[Round "3"]
[White "Gora, Antonina"]
[Black "Ciszewski, Marek"]
[Result "1/2-1/2"]
[WhiteElo "1579"]
[BlackElo "1954"]
[PlyCount "67"]
[EventDate "2010.07.17"]
[EventType "swiss"]
[EventRounds "9"]
[EventCountry "POL"]
[SourceTitle "EXT 2011"]
[Source "ChessBase"]
[SourceDate "2010.11.26"]
[SourceVersion "1"]
[SourceVersionDate "2010.11.26"]
[SourceQuality "1"]

1. e4 e5 2. Nf3 Nc6 3. d4 exd4 4. Bc4 Bb4+ 5. c3 dxc3 6. 0-0 Qe7 7. bxc3 Bc5 8. e5 h6 9. Bf4 b6 10. Nd4 Bb7 11. Nf5 Qf8 12. Nd2 g6 13. Ne3 0-0-0 14. Qe2 g5 15. Bg3 h5 16. h3 f5 17. exf6 Nxf6 18. a4 h4 19. Bh2 g4 20. hxg4 h3 21. g5 hxg2 22. Nxg2 Re8 23. Qf3 Ne5 24. Qxf6 Qxf6 25. gxf6 Reg8 26. Bxg8 Rxg8 27. Bg3 Rxg3 28. Kh2 Rxg2+ 29. Kh3 Ng6 30. Rae1 d6 31. Re8+ Kd7 32. f7 Bxf2 33. f8Q Rg3+ 34. Kh2 1/2-1/2

[Event "Gdansk op"]
[Site "Gdansk"]
[Date "2009.07.20"]
[Round "3"]
[White "Dadello, Aleksandra"]
[Black "Ciszewski, Marek"]
[Result "1-0"]
[WhiteElo "1731"]
[BlackElo "1974"]
[PlyCount "53"]
[EventDate "2009.07.19"]
[EventType "swiss"]
[EventRounds "9"]
[EventCountry "POL"]
[SourceTitle "CBM 131 Extra"]
[Source "ChessBase"]
[SourceDate "2009.09.03"]
[SourceVersion "2"]
[SourceVersionDate "2009.09.16"]
[SourceQuality "1"]

1. e4 d6 2. d4 Nf6 3. Nc3 g6 4. f4 Bg7 5. Nf3 0-0 6. Be3 Ng4 7. Bg1 c5 8. h3 cxd4 9. Nxd4 Nf6 10. Qd2 a6 11. 0-0-0 b5 12. Nf3 Qa5 13. e5 b4 14. Nd5 Qxa2 15. Nxe7+ Kh8 16. Qxb4 dxe5 17. Bc4 a5 18. Nxg6+ fxg6 19. Qxf8+ Bxf8 20. Bxa2 Nc6 21. Nxe5 Bb7 22. Nxc6 Bxc6 23. Bd4 Bg7 24. Bxf6 Bxf6 25. Rd6 Bxg2 26. Rh2 Be7 27. Re6 1-0

[Event "Pomorza-ch Seniors"]
[Site "Gdansk"]
[Date "2007.11.18"]
[Round "6.3"]
[White "Kempinski, Tomasz"]
[Black "Ciszewski, Marek"]
[Result "1-0"]
[WhiteElo "2259"]
[BlackElo "1974"]
[PlyCount "39"]
[EventDate "2007.11.10"]
[EventType "swiss"]
[EventRounds "9"]
[EventCountry "POL"]
[SourceTitle "EXT 2023"]
[Source "ChessBase"]
[SourceDate "2022.10.05"]
[SourceVersion "1"]
[SourceVersionDate "2022.10.05"]
[SourceQuality "1"]

1. e4 d6 2. d4 Nf6 3. Nc3 g6 4. h3 Bg7 5. g4 c5 6. d5 Na6 7. Bg2 Nc7 8. a4 Bd7 9. Qd3 Rb8 10. Nge2 a6 11. a5 b5 12. axb6 Rxb6 13. 0-0 0-0 14. f4 e6 15. f5 e5 16. g5 Nh5 17. f6 Nxf6 18. gxf6 Bxf6 19. Bh6 Re8 20. Qf3 1-0

[Event "Pomorza-ch Seniors"]
[Site "Gdansk"]
[Date "2007.11.11"]
[Round "3.9"]
[White "Ciszewski, Marek"]
[Black "Ciszewski, Roman"]
[Result "1-0"]
[WhiteElo "1974"]
[BlackElo "2000"]
[PlyCount "57"]
[EventDate "2007.11.10"]
[EventType "swiss"]
[EventRounds "9"]
[EventCountry "POL"]
[SourceTitle "EXT 2023"]
[Source "ChessBase"]
[SourceDate "2022.10.05"]
[SourceVersion "1"]
[SourceVersionDate "2022.10.05"]
[SourceQuality "1"]

1. e4 c6 2. d4 d5 3. Nc3 dxe4 4. Nxe4 Nd7 5. Bc4 Ngf6 6. Ng5 e6 7. N1f3 Be7 8. Qe2 Nb6 9. Bb3 h6 10. Nh3 Nbd5 11. 0-0 Bd6 12. c4 Ne7 13. Bf4 Bxf4 14. Nxf4 0-0 15. Rad1 a6 16. Ne5 b5 17. Rfe1 bxc4 18. Qxc4 Qe8 19. Rc1 Ned5 20. Nfd3 Bb7 21. Nc5 Nb6 22. Qb4 Nfd5 23. Bxd5 Nxd5 24. Qxb7 Rb8 25. Qxa6 Rxb2 26. Ned7 Nf4 27. Nxf8 Qxf8 28. Nd3 Nxd3 29. Qxd3 1-0

[Event "Pomorza-ch Seniors"]
[Site "Gdansk"]
[Date "2007.11.10"]
[Round "2.5"]
[White "Walkusz, Witoslaw"]
[Black "Ciszewski, Marek"]
[Result "1-0"]
[WhiteElo "2158"]
[BlackElo "1974"]
[PlyCount "110"]
[EventDate "2007.11.10"]
[EventType "swiss"]
[EventRounds "9"]
[EventCountry "POL"]
[SourceTitle "EXT 2023"]
[Source "ChessBase"]
[SourceDate "2022.10.05"]
[SourceVersion "1"]
[SourceVersionDate "2022.10.05"]
[SourceQuality "1"]

1. e4 d6 2. d4 Nf6 3. Nc3 g6 4. Be2 Bg7 5. Nf3 0-0 6. 0-0 c6 7. a4 Re8 8. Re1 e5 9. dxe5 dxe5 10. Qxd8 Rxd8 11. Nxe5 Re8 12. Nc4 Bf8 13. f3 Be6 14. Rd1 Na6 15. Bg5 Bc5+ 16. Kf1 Nh5 17. Na5 Rab8 18. g4 f6 19. Bc1 Ng7 20. Bf4 Nb4 21. Bxb8 Rxb8 22. Bd3 b6 23. Nb3 Nxd3 24. Rxd3 Bc4 25. Kg2 Bxd3 26. cxd3 Ne6 27. Ne2 b5 28. d4 Bd6 29. a5 Nf4+ 30. Nxf4 Bxf4 31. Nc5 Kf7 32. Nd3 Be3 33. Nb4 Bxd4 34. Nxc6 Bxb2 35. Rb1 Rc8 36. Rxb2 Rxc6 37. Rxb5 Ra6 38. h4 h6 39. Kf2 Ke7 40. Ke3 g5 41. h5 Rc6 42. Kd4 Kd6 43. Rb7 Ra6 44. Rh7 Rxa5 45. Rxh6 Ke7 46. Rh7+ Kf8 47. h6 Kg8 48. Rc7 Kh8 49. Rc6 Ra4+ 50. Kd5 Ra5+ 51. Ke6 Kh7 52. Kxf6 Kxh6 53. e5 Ra1 54. Kf7+ Kh7 55. Rf6 a5 1-0

[Event "Gdansk-ch"]
[Site "Gdansk"]
[Date "2007.07.29"]
[Round "9"]
[White "Dadello, Krzysztof"]
[Black "Ciszewski, Marek"]
[Result "0-1"]
[WhiteElo "1835"]
[BlackElo "1998"]
[PlyCount "82"]
[EventDate "2007.07.22"]
[EventType "swiss"]
[EventRounds "9"]
[EventCountry "POL"]
[SourceTitle "CBM 119 Extra"]
[Source "ChessBase"]
[SourceDate "2007.09.04"]
[SourceVersion "1"]
[SourceVersionDate "2007.09.04"]
[SourceQuality "1"]

1. e4 d6 2. d4 Nf6 3. Nc3 g6 4. Be3 Bg7 5. f4 c6 6. Nf3 b5 7. Bd3 0-0 8. 0-0 Ng4 9. Qd2 Nxe3 10. Qxe3 Qb6 11. Ne2 Bg4 12. f5 Nd7 13. c3 c5 14. h3 Bxf3 15. Rxf3 cxd4 16. Nxd4 Ne5 17. Rf2 Nxd3 18. Qxd3 b4 19. Kh1 bxc3 20. bxc3 Rac8 21. Raf1 Rxc3 22. Qxc3 Bxd4 23. Qf3 Bxf2 24. Rxf2 Qd4 25. fxg6 hxg6 26. h4 Qe5 27. g3 Kg7 28. Kh2 f6 29. Kh3 Rc8 30. Qg4 Rc3 31. Rf5 Rxg3+ 32. Qxg3 Qxg3+ 33. Kxg3 gxf5 34. exf5 Kh6 35. a4 Kh5 36. a5 a6 37. Kf4 Kxh4 38. Ke4 Kg4 39. Kd5 Kxf5 40. Kc6 e5 41. Kb6 e4 0-1

[Event "Gdansk-ch"]
[Site "Gdansk"]
[Date "2007.07.28"]
[Round "8"]
[White "Ciszewski, Marek"]
[Black "Zielinski, Maciej"]
[Result "0-1"]
[WhiteElo "1998"]
[BlackElo "1906"]
[PlyCount "109"]
[EventDate "2007.07.22"]
[EventType "swiss"]
[EventRounds "9"]
[EventCountry "POL"]
[SourceTitle "CBM 119 Extra"]
[Source "ChessBase"]
[SourceDate "2007.09.04"]
[SourceVersion "1"]
[SourceVersionDate "2007.09.04"]
[SourceQuality "1"]

1. e4 e5 2. Nf3 Nc6 3. Nc3 Nf6 4. Bb5 d6 5. d4 Bd7 6. Bg5 h6 7. Bh4 Be7 8. dxe5 Nxe5 9. Nxe5 dxe5 10. Qe2 c6 11. Bc4 0-0 12. Rd1 Qc7 13. h3 b5 14. Bb3 a5 15. a4 b4 16. Nb1 Nd5 17. Bxe7 Nxe7 18. 0-0 Ng6 19. Qd2 Be6 20. Bxe6 fxe6 21. Qd7 Rf7 22. Qxc7 Rxc7 23. Rd6 Kf7 24. Rfd1 Ke7 25. g3 Nh8 26. R6d3 Nf7 27. Nd2 Nd6 28. Nf3 Nc4 29. Rb1 Rf8 30. Kg2 Rd7 31. Rxd7+ Kxd7 32. Rd1+ Kc7 33. b3 Nd6 34. Nxe5 Nxe4 35. f3 Rf5 36. Nc4 Rd5 37. Rxd5 cxd5 38. fxe4 dxc4 39. Kf3 Kd6 40. Kf4 g5+ 41. Ke3 Kc5 42. h4 gxh4 43. gxh4 h5 44. Kf4 cxb3 45. cxb3 Kd4 46. Kg5 Kxe4 47. Kxh5 Kf5 48. Kh6 e5 49. h5 e4 50. Kg7 e3 51. h6 e2 52. h7 e1Q 53. h8Q Qe5+ 54. Kg8 Qxh8+ 55. Kxh8 0-1

[Event "Gdansk-ch 8th"]
[Site "Gdansk"]
[Date "2006.07.29"]
[Round "8"]
[White "Ciszewski, Marek"]
[Black "Klicki, Wojciech"]
[Result "1-0"]
[WhiteElo "1982"]
[BlackElo "2146"]
[PlyCount "133"]
[EventDate "2006.07.23"]
[EventType "swiss"]
[EventRounds "9"]
[EventCountry "POL"]
[SourceTitle "EXT 2008"]
[Source "ChessBase"]
[SourceDate "2007.11.25"]
[SourceVersion "1"]
[SourceVersionDate "2007.11.25"]
[SourceQuality "1"]

1. d4 g6 2. e4 Bg7 3. Nc3 d6 4. Bc4 Nf6 5. f3 0-0 6. Be3 Nbd7 7. g4 e5 8. d5 Nb6 9. Bb3 h5 10. h3 Nh7 11. gxh5 Qh4+ 12. Bf2 Qxh5 13. Qd2 Bh6 14. Be3 Qh4+ 15. Qf2 Qxf2+ 16. Kxf2 Bxe3+ 17. Kxe3 f5 18. Nb5 Rf7 19. Ne2 a6 20. Nbc3 Nf6 21. Rag1 Kh7 22. a4 Nbd7 23. a5 Nc5 24. Ba2 Bd7 25. b4 Na4 26. exf5 gxf5 27. Nxa4 Bxa4 28. c4 Re8 29. Nc3 Bd7 30. Rg5 Rg7 31. h4 Kh6 32. Rxg7 Kxg7 33. Bb1 Kh6 34. Ne2 Rg8 35. Kf2 Nh5 36. c5 Kg6 37. Rc1 Bb5 38. Rg1+ Kf7 39. Rxg8 Kxg8 40. Bxf5 Bxe2 41. Be6+ Kg7 42. Kxe2 Nf4+ 43. Ke3 Kf6 44. Ke4 Nxe6 45. dxe6 Kxe6 46. f4 d5+ 47. Ke3 Kf5 48. fxe5 Kxe5 49. b5 c6 50. b6 Kf5 51. Kd4 Kg4 52. Ke5 Kxh4 53. Kd6 d4 54. Kc7 d3 55. Kxb7 d2 56. Kxa6 d1Q 57. Ka7 Qd7+ 58. b7 Qc7 59. a6 Kg5 60. Ka8 Qa5 61. a7 Qxc5 62. b8Q Qd5 63. Qg3+ Kf6 64. Kb8 Qd8+ 65. Kb7 Qe7+ 66. Qc7 Qb4+ 67. Kc8 1-0

[Event "Gdansk-ch 8th"]
[Site "Gdansk"]
[Date "2006.07.25"]
[Round "4"]
[White "Walczak, Krystian"]
[Black "Ciszewski, Marek"]
[Result "1-0"]
[WhiteElo "1921"]
[BlackElo "1982"]
[PlyCount "75"]
[EventDate "2006.07.23"]
[EventType "swiss"]
[EventRounds "9"]
[EventCountry "POL"]
[SourceTitle "EXT 2008"]
[Source "ChessBase"]
[SourceDate "2007.11.25"]
[SourceVersion "1"]
[SourceVersionDate "2007.11.25"]
[SourceQuality "1"]

1. e4 d6 2. d4 Nf6 3. Nc3 g6 4. Bc4 Bg7 5. f3 0-0 6. Be3 c6 7. Qd2 b5 8. Bb3 a5 9. a4 b4 10. Nce2 Qc7 11. Nf4 e5 12. dxe5 dxe5 13. Nd3 Rd8 14. Qf2 Nbd7 15. 0-0-0 Ba6 16. Nh3 h6 17. g4 Nh7 18. Kb1 Bf8 19. Nc5 Nxc5 20. Bxc5 Rd7 21. Bb6 Qb7 22. Bxa5 Rxd1+ 23. Rxd1 Qe7 24. Qb6 Be2 25. Rd2 Bf1 26. Nf2 Ng5 27. Nd3 Bxd3 28. Rxd3 Ne6 29. Bxe6 Qxe6 30. Bxb4 Bxb4 31. Qxb4 Qc8 32. b3 c5 33. Qc3 Qb8 34. Qxc5 Rxa4 35. Qd6 Qb5 36. Qd7 Rb4 37. Qxb5 Rxb5 38. Rd5 1-0